Emprego Domštico no Brasil Raz̕es histr̤icas, trajetr̤ias e regulamentaȯ̂ /

Detalles Bibliográficos
Autor principal: Pereira Vieceli, Cristina
Otros Autores: Giles Wünsch, Julia, Willmersdorf Steffen, Mariana
Formato: eBook
Lenguaje:portugués
Publicado: San Pablo: LTR, 2017
Materias:
Acceso en línea:Acceso restringido

MARC

LEADER 00000nam a22000007a 4500
005 20180322001722.0
007 cr|||| ||||
008 180322s2017 br |||||s|||| 00||0 por d
020 |a 978-85-361-9364-9 
035 |a 21134 
040 |a vLex 
090 |c 7539  |d 7539 
100 1 |a Pereira Vieceli, Cristina 
245 1 0 |a Emprego Domštico no Brasil  |h [Recurso electrn̤ico] :  |b Raz̕es histr̤icas, trajetr̤ias e regulamentaȯ̂ /  |c Cristina Pereira Vieceli, Julia Giles Wünsch, Mariana Willmersdorf Steffen 
256 |a Servicio en ln̕ea 
260 |a San Pablo:  |b LTR,  |c 2017 
300 |a 1 recurso electrn̤ico 
506 1 |a Disponible solo en los productos indicados  |d vLex Global  |d vLex Global (Academic Edition, excluding Law Schools)  |d vLex Global (U.S. Academic Edition, Law Schools)  |d vLex Global (U.S. Academic Edition, excluding Law Schools)  |d vLex Global (Academic Edition, Law Schools) 
650 0 4 |a Derecho Laboral y Seguridad Social  |z Brasil 
700 1 |a Giles Wünsch, Julia 
700 1 |a Willmersdorf Steffen, Mariana 
740 0 |a vLex Libros (Servicio en ln̕ea) 
856 4 0 |u http://vlex.com/source/emprego-domestico-brasil-21134  |z Acceso restringido 
942 |c BOOK 
999 0 |a Labor law and social security